[Event "Moscow ol (Men)"]
[Site "Moscow"]
[Date "1994.12.11"]
[Round "10.1"]
[White "Oll, Lembit"]
[Black "Kasparov, Garry"]
[Result "1/2-1/2"]
[WhiteElo "2615"]
[BlackElo "2805"]
[Annotator "Hecht"]
[PlyCount "85"]
[EventDate "1994.12.01"]
[EventType "swiss ()"]
[EventRounds "14"]
[EventCountry "RUS"]
[Source "ChessBase"]
[SourceDate "1995.04.01"]
[WhiteTeam "Estonia"]
[BlackTeam "Russia"]
[WhiteTeamCountry "EST"]
[BlackTeamCountry "RUS"]

1. e4 c5 2. Nf3 d6 3. d4 cxd4 4. Nxd4 Nf6 5. Nc3 a6 6. Be2 e5 7. Nb3 Be7 8. O-O
Be6 9. f4 Qc7 10. f5 Bc4 11. Bg5 Nbd7 12. a4 O-O 13. Kh1 Rfc8 14. a5 h6 15.
Bxf6 Nxf6 16. Bxc4 Qxc4 17. Qf3 Rc7 18. Nd2 Qb4 19. Rfb1 Rac8 20. Ra4 Qc5 21.
Rba1 Bd8 22. Nf1 b5 23. axb6 Qxb6 24. R1a2 a5 25. h3 Rc4 26. Rxc4 Rxc4 27. Nd2
Rb4 28. Ra1 Qc6 29. b3 a4 30. Rxa4 Rxa4 31. bxa4 Ba5 32. Nd5 Qxc2 33. Nxf6+
gxf6 34. Nf1 $15 {Black has attacking chances with his 'bad' Ba5. Black
manages to draw with a perpetual.} d5 $1 (34... Qxa4 35. Ne3 Bb6 36. Nd5 Qa1+
37. Kh2 Bg1+ (37... Qg1+ 38. Kg3 Qe1+ 39. Kg4 Bd8 40. Kh5 Qd2 41. h4 Kg7 42. g4
$14) 38. Kg3 Qe1+ 39. Kg4 Kg7 40. Kh5 Qd2 41. h4 $36) 35. Ne3 $1 Qc1+ 36. Kh2
dxe4 37. Qxe4 Bb6 38. Nd5 Bf2 39. Nxf6+ Kh8 (39... Kf8 40. Qb4+ Kg7 41. Nh5+
$10) 40. Qa8+ Kg7 41. Nh5+ Kh7 42. Nf6+ Kg7 43. Nh5+ 1/2-1/2

[Event "Moscow ol (Men)"]
[Site "Moscow"]
[Date "1994.??.??"]
[Round "11"]
[White "Marin, Mikhail"]
[Black "Oll, Lembit"]
[Result "1/2-1/2"]
[WhiteElo "2520"]
[BlackElo "2615"]
[PlyCount "20"]
[EventDate "1994.12.01"]
[EventType "swiss ()"]
[EventRounds "14"]
[EventCountry "RUS"]
[Source "ChessBase"]
[SourceDate "1995.03.01"]
[WhiteTeamCountry "EST"]
[BlackTeamCountry "RUS"]

1. d4 d5 2. c4 c6 3. e3 Bf5 4. Qb3 Qc7 5. cxd5 cxd5 6. Nc3 e6 7. Bd2 Nc6 8. Nf3
Nf6 9. Bb5 Be7 10. O-O O-O 1/2-1/2

[Event "Moscow ol (Men)"]
[Site "Moscow"]
[Date "1994.??.??"]
[Round "12"]
[White "Oll, Lembit"]
[Black "Topalov, Veselin"]
[Result "0-1"]
[WhiteElo "2615"]
[BlackElo "2645"]
[Annotator "Boensch,U"]
[PlyCount "60"]
[EventDate "1994.12.01"]
[EventType "swiss ()"]
[EventRounds "14"]
[EventCountry "RUS"]
[Source "ChessBase"]
[SourceDate "1995.04.01"]
[WhiteTeamCountry "EST"]
[BlackTeamCountry "RUS"]

1. e4 {Ftacnik} c5 2. Nf3 d6 3. d4 cxd4 4. Nxd4 Nf6 5. Nc3 g6 6. Be3 Bg7 7. f3
Nc6 8. Qd2 O-O 9. Bc4 Bd7 10. h4 Ne5 11. Bb3 h5 12. O-O-O Rc8 13. Bg5 Rc5 14.
g4 hxg4 15. f4 Nc4 (15... Nc6 $5 16. e5 Nxd4 17. Qxd4 Bc6 18. Rhe1 Bf3 19. Rd2
Nh7 20. Qxc5 dxc5 21. Rxd8 Rxd8 22. Bxe7 Rc8 23. Bd5 $14 {
Yudasin,L-Ljubojevic,L Moskow olm (05) ISR-YUG 1994 1-0 72 -CBM 45}) 16. Qe2
Qc8 $5 (16... Na5 $5 17. e5 Nxb3+ 18. Nxb3 Rxc3 19. bxc3 Bc6 (19... Qc7 {
Ftacnik} 20. h5 $1 $18 {Mohr,G-Baric,D/Bled op/1992/1-0 (22)}) 20. Rhf1 Ne4 21.
Qc4 d5 22. Qxe4 dxe4 23. Rxd8 Rxd8 24. Bxe7 Rd7 $15 {
Smirin,I-Ivanchuk,V Paris PCA Intel-GP 1994 1/2 33}) (16... b5 17. f5 Qa5 (
17... Qb6 18. h5 Nxh5 19. Qxg4 Nxb2 20. Kxb2 Rxc3 21. Kxc3 Qc5+ 22. Kb2 Bxd4+
23. Kb1 Bg7 24. Bh6 Qc3 25. Bxg7 Qxg7 26. Rdg1 {
1-0 Topalov,V-Romero,A Leon (8) 1993}) (17... gxf5 18. Bxf6 exf6 19. Bxc4 (19.
exf5 Bh6+ 20. Kb1 Ne3 21. Rdg1 Rxf5 22. Nxf5 Bxf5 23. Nd5 Re8 24. Nxe3 Rxe3 25.
Qxb5 Re5 $132 {Fernandez Auado,E-Martin,A Catalunya-ch (08) 1992}) 19... fxe4
$6 20. Bxb5 f5 21. Bxd7 Qxd7 22. Rhf1 Rb8 $2 23. Qe3 Re8 24. Qf4 Ree5 25. h5
$16 {Tseitlin,MD-Alterman,B Beesheba 1991}) (17... gxf5 {Ftacnik}) 18. Bxf6 (
18. fxg6 Nxb2 19. gxf7+ Rxf7 20. Kxb2 Qxc3+ 21. Kb1 d5 22. Bxf6 Rxf6 23. Rd3
Qa5 24. exd5 $14 {Gofshtein,L-Mestel,A Hastings Challenger 1991 1-0 32}) 18...
Bxf6 19. Qxg4 Kg7 20. Rh3 Qb6 21. Nd5 Rxd5 22. exd5 Rh8 23. c3 Bxd4 24. Qxd4+
Qxd4 25. Rxd4 Bxf5 26. Rg3 Ne5 {
Morovic Fernandez,I-Georgiev,Ki Las Palmas (4) 1993 1/2 41}) 17. f5 $6 (17. h5
$5) (17. Bxf6 {Ftacnik} Bxf6 18. Nd5 Be6 19. Nxf6+ exf6 20. f5 Bd7 21. fxg6
fxg6 22. h5 g5 23. Nf5 Bxf5 24. exf5 $13 {
Patterson,R-Spinath,P/corr/1987/0.5 (39)}) 17... Nxb2 $1 $146 (17... e5 18.
Ndb5 Bxb5 19. Nxb5 Rxb5 20. Bxf6 Bxf6 21. Bxc4 Rb4 22. Bd5 gxf5 23. Rdf1 f4 24.
Rhg1 Re8 25. Rxg4+ Kf8 $15 {Yudasin,L-Tiviakov,S Groningen PCA (04) 1993}) (
17... gxf5 {Ftacnik} 18. Bxf6 Bxf6 19. exf5 Ne5 20. Ne4 Ra5 21. Nxf6+ exf6 22.
Qd2 Rc5 23. Qh6 a5 24. Qxf6 $18 {Fahner,D-Spinath,P/corr/1987/1-0 (26)}) 18.
Bxf6 $2 (18. Kxb2 Rxc3 19. fxg6 (19. Bxf6 Bxf6 20. fxg6 Be6 21. Bxe6 fxe6 $17)
19... Rxb3+ (19... Be6 {Ftacnik} 20. Nxe6 fxe6 21. e5 Nd5 (21... dxe5 22. h5 $1
$40) 22. Kc1 Bxe5 23. Qxg4 Rxb3 (23... Rf2 24. Rd2 Rxd2 25. Bxd2 Rg3 26. Qh5
Nf6 27. Qh6 $13) 24. axb3 Qc3 25. Qxe6+ Kg7 26. Bh6+ Kxh6 27. g7+ Rf6 28. Qxe5
$1 (28. g8=N+ Kg7 29. Rdg1+ Kf8 30. Nxf6 Qb2+ 31. Kd1 Qd4+ 32. Kc1 Bf4+ $18)
28... Qxe5 29. g8=Q Qa1+ 30. Kd2 Qc3+ 31. Kc1 $10) 20. axb3 fxg6 $15) 18...
Nxd1 $17 (18... Bxf6 {Ftacnik} 19. Qxg4 $1 Kh8 (19... Nxd1 $4 20. Qxg6+ Bg7 21.
Rg1 $18) 20. Kxb2 Rxc3 21. Qf4 $40) 19. Qxg4 (19. Bxg7 Nxc3 20. Qxg4 Kxg7 21.
h5 Bxf5 22. exf5 Rxf5 23. Nxf5+ Qxf5 $19) 19... exf6 (19... Nxc3 $2 20. Qxg6
exf6 (20... Ne2+ {Ftacnik} 21. Nxe2 Rxc2+ 22. Kb1 exf6 23. Rg1 $18) 21. Rg1
Ne2+ 22. Nxe2 Rxc2+ 23. Kb1 $18) 20. Rg1 (20. Qxg6 Rc4 $19 (20... d5 $1 {
Ftacnik} 21. Qg2 (21. Bxd5 Rxd5 22. Nxd5 fxg6 23. Ne7+ Kh8 24. Nxc8 Nf2 $19)
21... Ne3 22. Qg3 Rxc3 23. Rg1 Nxf5 $19)) (20. Nxd1 $5 Rc4 $1 21. Bxc4 Qxc4 $19
) 20... Rc4 $1 (20... Rxc3 $4 21. Qxg6 $18) 21. Nxd1 (21. Nd5 Bh6+ 22. Kxd1 (
22. Kb1 Rxd4 23. Ne7+ Kh8 24. Nxc8 (24. Nxg6+ Kh7 25. Nxf8+ Qxf8 $19) 24...
Nc3+ 25. Kb2 Rxc8 26. Bxf7 Bxf5 $19) 22... Rxd4+ 23. Ke1 Kg7 $19) 21... d5 $1
22. h5 (22. Bxc4 Qxc4 23. exd5 Qxa2 $19 {/\ Bh6}) 22... Rxd4 $19 23. hxg6 fxg6
24. Qxg6 Rf7 25. Nf2 (25. Ne3 Qc3 $19) (25. Bxd5 {Ftacnik} Rxd5 26. exd5 Bxf5
$19) (25. Rh1 {Ftacnik} Kf8 $19) 25... Qc3 26. Kb1 Qe3 27. Rg2 (27. exd5 Ba4 $1
$19 (27... Qxf2 $6 28. d6 Qxg1+ 29. Qxg1 $17)) 27... Kf8 28. exd5 (28. Bxd5 {
Ftacnik} Rxd5 29. exd5 Qe1+ 30. Kb2 Qe5+ 31. Kb1 Bxf5 $19) 28... Qe1+ 29. Kb2
Qe5 30. Kb1 Qxf5 (30... Qxf5 {Ftacnik} 31. Qg3 Qe5 $19) 0-1

[Event "Moscow ol (Men)"]
[Site "Moscow"]
[Date "1994.??.??"]
[Round "13"]
[White "Oll, Lembit"]
[Black "Vaganian, Rafael"]
[Result "1/2-1/2"]
[WhiteElo "2615"]
[BlackElo "2645"]
[PlyCount "112"]
[EventDate "1994.12.01"]
[EventType "swiss ()"]
[EventRounds "14"]
[EventCountry "RUS"]
[Source "ChessBase"]
[SourceDate "1995.03.01"]
[WhiteTeamCountry "EST"]
[BlackTeamCountry "RUS"]

1. d4 Nf6 2. c4 e6 3. Nf3 d5 4. Bg5 Be7 5. Nc3 h6 6. Bxf6 Bxf6 7. e4 dxe4 8.
Nxe4 Nc6 9. Nxf6+ Qxf6 10. Qd2 O-O 11. Rd1 e5 12. dxe5 Nxe5 13. Nxe5 Qxe5+ 14.
Be2 Bg4 15. f3 Bf5 16. Qd5 Qxb2 17. Qxf5 Rfe8 18. Rd2 Qa1+ 19. Rd1 Qxa2 20. Rd2
Qa1+ 21. Rd1 Qb2 22. Rd2 Rxe2+ 23. Rxe2 Qc1+ 24. Kf2 Qxh1 25. Re7 Rf8 26. h3
Qa1 27. Rxc7 b6 28. Kg3 a5 29. c5 g6 30. Qf4 bxc5 31. Rxc5 a4 32. Kh2 a3 33.
Ra5 Re8 34. Ra7 Qa2 35. Qd6 Re2 36. Ra8+ Kh7 37. Qb8 Rxg2+ 38. Kh1 Rh2+ 39.
Qxh2 Qb1+ 40. Qg1 a2 41. h4 g5 42. hxg5 hxg5 43. Ra5 Kg6 44. Rxg5+ Kf6 45. Ra5
Ke6 46. Ra6+ Ke7 47. Ra7+ Ke6 48. Ra6+ Ke7 49. Ra8 Qh7+ 50. Qh2 Qb1+ 51. Qg1
Qh7+ 52. Qh2 Qb1+ 53. Kg2 Qc2+ 54. Kg3 Qg6+ 55. Kh3 Qf5+ 56. Kg2 Qc2+ 1/2-1/2

[Event "Chicago op"]
[Site "Chicago"]
[Date "1995.??.??"]
[Round "3"]
[White "Sokolin, Leonid"]
[Black "Oll, Lembit"]
[Result "0-1"]
[WhiteElo "2465"]
[BlackElo "2610"]
[PlyCount "80"]
[EventDate "1995.??.??"]
[EventType "swiss"]
[EventRounds "7"]
[EventCountry "USA"]
[Source "ChessBase"]
[SourceDate "1997.11.17"]
[WhiteTeamCountry "EST"]
[BlackTeamCountry "RUS"]

1. d4 Nf6 2. c4 e6 3. Nf3 d5 4. Nc3 c6 5. e3 Nbd7 6. Qc2 Bd6 7. Be2 O-O 8. O-O
Qe7 9. Rd1 dxc4 10. Bxc4 a6 11. a4 c5 12. dxc5 Nxc5 13. e4 Ncd7 14. Bg5 Ne5 15.
Be2 Nxf3+ 16. Bxf3 Be5 17. Qd2 Qc7 18. Rac1 Qb8 19. g3 b5 20. Bxf6 gxf6 21. Bg2
Ra7 22. Qe2 b4 23. Nb1 Rd7 24. b3 Rxd1+ 25. Rxd1 Qc7 26. f4 Bd6 27. Kh1 Be7 28.
f5 exf5 29. Rf1 Rd8 30. exf5 Qe5 31. Qxe5 fxe5 32. g4 Bg5 33. Re1 Kg7 34. Be4
Rd4 35. Kg2 Rxe4 36. Rxe4 Bb7 37. Kf3 Bc6 38. a5 Ba8 39. h3 Bb7 40. h4 Bf4 0-1

[Event "Chicago op"]
[Site "Chicago"]
[Date "1995.??.??"]
[Round "4"]
[White "Oll, Lembit"]
[Black "Von Krogh, Christopher"]
[Result "1-0"]
[WhiteElo "2610"]
[BlackElo "2180"]
[PlyCount "47"]
[EventDate "1995.??.??"]
[EventType "swiss"]
[EventRounds "7"]
[EventCountry "USA"]
[Source "ChessBase"]
[SourceDate "1997.11.17"]
[WhiteTeamCountry "EST"]
[BlackTeamCountry "RUS"]

1. e4 c6 2. d4 d5 3. exd5 cxd5 4. c4 Nf6 5. Nc3 e6 6. Nf3 Bb4 7. cxd5 Nxd5 8.
Bd2 O-O 9. Bd3 Nc6 10. O-O Be7 11. a3 Bf6 12. Qc2 h6 13. Be3 Nce7 14. Rad1 Bd7
15. Ne4 Rc8 16. Qd2 Nc6 17. Bb1 Nxe3 18. Qxe3 b6 19. d5 exd5 20. Rxd5 Re8 21.
Rxd7 Qxd7 22. Nxf6+ gxf6 23. Qxh6 f5 24. Ng5 1-0

[Event "Chicago op"]
[Site "Chicago"]
[Date "1995.??.??"]
[Round "5"]
[White "Shabalov, Alexander"]
[Black "Oll, Lembit"]
[Result "1-0"]
[WhiteElo "2570"]
[BlackElo "2610"]
[PlyCount "79"]
[EventDate "1995.??.??"]
[EventType "swiss"]
[EventRounds "7"]
[EventCountry "USA"]
[Source "ChessBase"]
[SourceDate "1997.11.17"]
[WhiteTeamCountry "EST"]
[BlackTeamCountry "RUS"]

1. e4 c5 2. Nf3 d6 3. d4 Nf6 4. dxc5 Qa5+ 5. Nbd2 Qxc5 6. Bd3 g6 7. a3 Bg7 8.
b4 Qc7 9. Bb2 O-O 10. c4 Rd8 11. Qb3 Nc6 12. O-O a5 13. Rac1 axb4 14. axb4 Bg4
15. Rfe1 Bxf3 16. Nxf3 Qb6 17. b5 Ng4 18. Bxg7 Kxg7 19. Qb2+ Kg8 20. Bf1 Rdc8
21. c5 dxc5 22. h3 Nf6 23. e5 Ne8 24. Qc3 Nd8 25. Red1 Ne6 26. Bc4 N8g7 27. Qe3
Nf5 28. Qe4 Nfd4 29. Nh2 Ra4 30. Ng4 Rd8 31. Kh2 Rb4 32. Ne3 Nc7 33. Qh4 Nce6
34. Qxe7 Qc7 35. Qf6 Rb2 36. Ng4 h5 37. Nh6+ Kh7 38. Nxf7 Re8 39. Bd3 Rg8 40.
f4 1-0

[Event "Chicago op"]
[Site "Chicago"]
[Date "1995.??.??"]
[Round "7"]
[White "Goldin, Alexander"]
[Black "Oll, Lembit"]
[Result "1/2-1/2"]
[WhiteElo "2580"]
[BlackElo "2610"]
[PlyCount "26"]
[EventDate "1995.??.??"]
[EventType "swiss"]
[EventRounds "7"]
[EventCountry "USA"]
[Source "ChessBase"]
[SourceDate "1997.11.17"]
[WhiteTeamCountry "EST"]
[BlackTeamCountry "RUS"]

1. d4 d5 2. c4 c6 3. cxd5 cxd5 4. Nc3 Nf6 5. Nf3 Nc6 6. Bf4 a6 7. e3 Bg4 8. Be2
e6 9. O-O Be7 10. Ne5 Bxe2 11. Qxe2 Nxe5 12. Bxe5 O-O 13. Rfc1 Rc8 1/2-1/2

[Event "Helsinki PC-SuperSto"]
[Site "Helsinki"]
[Date "1995.??.??"]
[Round "?"]
[White "Niemela, Antti"]
[Black "Oll, Lembit"]
[Result "1/2-1/2"]
[WhiteElo "2190"]
[BlackElo "2610"]
[PlyCount "80"]
[EventDate "1995.??.??"]
[EventType "swiss"]
[EventRounds "6"]
[EventCountry "FIN"]
[Source "ChessBase"]
[SourceDate "1998.11.10"]
[WhiteTeamCountry "EST"]
[BlackTeamCountry "RUS"]

1. d4 Nf6 2. c4 e6 3. Nc3 Bb4 4. e3 c5 5. Nge2 cxd4 6. exd4 O-O 7. a3 Be7 8.
Nf4 b6 9. Be2 Bb7 10. O-O d6 11. Be3 Nbd7 12. Rc1 Re8 13. b4 Bf8 14. Qb3 Rc8
15. Rfd1 Qc7 16. h3 Qb8 17. Bf1 g6 18. a4 Ba8 19. Ra1 h6 20. a5 g5 21. Nd3 d5
22. cxd5 Nxd5 23. Nxd5 Bxd5 24. Qb2 Bg7 25. Rac1 Qd6 26. axb6 axb6 27. b5 Bc4
28. Nb4 Bxf1 29. Rxf1 Nf6 30. Rc6 Qd8 31. Rfc1 Ra8 32. Qb3 Nd5 33. Nxd5 exd5
34. Qd3 Re4 35. f3 Re7 36. Bf2 Rea7 37. Qf5 Ra1 38. Rxa1 Rxa1+ 39. Kh2 Ra8 40.
Bg3 Qe8 1/2-1/2

[Event "Helsinki PC-SuperSto"]
[Site "Helsinki"]
[Date "1995.??.??"]
[Round "?"]
[White "Pyhala, Antti"]
[Black "Oll, Lembit"]
[Result "0-1"]
[WhiteElo "2350"]
[BlackElo "2610"]
[PlyCount "52"]
[EventDate "1995.??.??"]
[EventType "swiss"]
[EventRounds "6"]
[EventCountry "FIN"]
[Source "ChessBase"]
[SourceDate "1998.11.10"]
[WhiteTeamCountry "EST"]
[BlackTeamCountry "RUS"]

1. e4 c5 2. Nf3 d6 3. d4 Nf6 4. Nc3 cxd4 5. Nxd4 a6 6. Bg5 e6 7. f4 Qb6 8. Qd3
Nc6 9. O-O-O Bd7 10. Nf3 Rc8 11. Bxf6 gxf6 12. Kb1 Be7 13. g3 O-O 14. h4 Rc7
15. Qd2 Rfc8 16. Na4 Qa7 17. Bd3 Nd4 18. Nxd4 Qxd4 19. Nc3 Rxc3 20. bxc3 Rxc3
21. Be2 Qb4+ 22. Ka1 Bc6 23. Rb1 Qc5 24. Bd3 f5 25. Rb3 Rxb3 26. cxb3 Qd4+ 0-1

[Event "Helsinki PC-SuperSto"]
[Site "Helsinki"]
[Date "1995.??.??"]
[Round "?"]
[White "Rytshagov, Mikhail"]
[Black "Oll, Lembit"]
[Result "0-1"]
[WhiteElo "2485"]
[BlackElo "2610"]
[PlyCount "52"]
[EventDate "1995.??.??"]
[EventType "swiss"]
[EventRounds "6"]
[EventCountry "FIN"]
[Source "ChessBase"]
[SourceDate "1998.11.10"]
[WhiteTeamCountry "EST"]
[BlackTeamCountry "RUS"]

1. e4 c5 2. c3 d6 3. d4 Nf6 4. Bd3 g6 5. Ne2 Bg7 6. O-O O-O 7. f3 Nc6 8. Be3
Nd7 9. Nd2 e6 10. Rc1 Rb8 11. f4 b5 12. a3 b4 13. axb4 cxd4 14. Nxd4 Nxd4 15.
cxd4 Rxb4 16. e5 Nb6 17. Ne4 Nd5 18. Qd2 dxe5 19. dxe5 Nxe3 20. Qxe3 Bb7 21.
Rf2 Qd4 22. Re1 Rd8 23. Nc5 Qxe3 24. Rxe3 Bf8 25. Nxb7 Rxb7 26. Rc2 Rb3 0-1

[Event "Moscow PCA-Intel qual"]
[Site "Moscow"]
[Date "1995.??.??"]
[Round "3"]
[White "Oll, Lembit"]
[Black "Tkachiev, Vladislav"]
[Result "1-0"]
[WhiteElo "2610"]
[BlackElo "2575"]
[PlyCount "107"]
[EventDate "1995.??.??"]
[EventType "swiss"]
[EventRounds "11"]
[EventCountry "RUS"]
[Source "ChessBase"]
[SourceDate "1995.07.01"]
[WhiteTeamCountry "EST"]
[BlackTeamCountry "RUS"]

1. e4 e5 2. Nf3 Nc6 3. d4 exd4 4. Nxd4 Nge7 5. Nc3 Nxd4 6. Qxd4 Nc6 7. Qe3 Bb4
8. Bc4 O-O 9. O-O d6 10. Nd5 Bc5 11. Qg3 Kh8 12. c3 Ne5 13. Be2 c6 14. b4 Bxf2+
15. Rxf2 cxd5 16. exd5 a5 17. bxa5 Rxa5 18. c4 b6 19. Be3 Ba6 20. Bd4 f6 21.
Qb3 Nd7 22. Rb1 Nc5 23. Qxb6 Qxb6 24. Rxb6 Ne4 25. Rf4 Nd2 26. Bc3 Rxa2 27.
Rxa6 Rxa6 28. Bxd2 Ra2 29. Rd4 Rb8 30. Bf1 g5 31. Bc3 Kg7 32. Rd1 g4 33. h3 h5
34. hxg4 hxg4 35. Rd4 Rc2 36. Rxg4+ Kf7 37. Rg3 Rb3 38. Be5 Rb1 39. Bxd6 Rxc4
40. Rf3 Rcc1 41. Bf4 Rd1 42. d6 Ke6 43. Rf2 Kf7 44. g3 Ke8 45. Kg2 Kd7 46. Bc4
Rg1+ 47. Kf3 Rgd1 48. Bg8 Rd3+ 49. Kg2 Rdd1 50. Rc2 Rg1+ 51. Kf3 Rbf1+ 52. Kg4
f5+ 53. Kxf5 Rxg3 54. Be6+ 1-0

[Event "Moscow PCA-Intel qual"]
[Site "Moscow"]
[Date "1995.??.??"]
[Round "5"]
[White "Oll, Lembit"]
[Black "Chernin, Alexander"]
[Result "0-1"]
[WhiteElo "2610"]
[BlackElo "2600"]
[PlyCount "76"]
[EventDate "1995.??.??"]
[EventType "swiss"]
[EventRounds "11"]
[EventCountry "RUS"]
[Source "ChessBase"]
[SourceDate "1995.07.01"]
[WhiteTeamCountry "EST"]
[BlackTeamCountry "RUS"]

1. e4 d6 2. d4 Nf6 3. f3 e5 4. d5 c6 5. c4 Be7 6. Nc3 O-O 7. Be3 a6 8. Qd2 cxd5
9. cxd5 b5 10. Bd3 Nbd7 11. Nge2 Bb7 12. O-O Qb8 13. Rac1 Bd8 14. a4 b4 15. Nd1
a5 16. b3 Bb6 17. Bxb6 Nxb6 18. Ne3 g6 19. Kh1 Nfd7 20. Ng3 f6 21. Ng4 Nc5 22.
Bc2 Bc8 23. Ne3 Bd7 24. f4 exf4 25. Rxf4 Qd8 26. Rcf1 Qe7 27. Ne2 Rae8 28. Nd4
f5 29. Nexf5 gxf5 30. exf5 Nxd5 31. f6 Nxf6 32. Bf5 Nfe4 33. Qe3 Kh8 34. Kg1
Nc3 35. Qh3 Qe3+ 36. Qxe3 Rxe3 37. Bxd7 Rxf4 38. Rxf4 Re1+ 0-1

[Event "Moscow PCA-Intel qual"]
[Site "Moscow"]
[Date "1995.??.??"]
[Round "8"]
[White "Aseev, Konstantin"]
[Black "Oll, Lembit"]
[Result "1/2-1/2"]
[WhiteElo "2530"]
[BlackElo "2610"]
[PlyCount "164"]
[EventDate "1995.??.??"]
[EventType "swiss"]
[EventRounds "11"]
[EventCountry "RUS"]
[Source "ChessBase"]
[SourceDate "1995.07.01"]
[WhiteTeamCountry "EST"]
[BlackTeamCountry "RUS"]

1. d4 d5 2. c4 c6 3. Nf3 Nf6 4. Nc3 e6 5. Bg5 Nbd7 6. e3 Qa5 7. Nd2 Bb4 8. Qc2
O-O 9. Be2 c5 10. Nb3 Qa4 11. Bxf6 Nxf6 12. O-O Bxc3 13. Qxc3 cxd4 14. Nxd4 Bd7
15. cxd5 Nxd5 16. Qb3 Qxb3 17. Nxb3 Rac8 18. Bf3 Rc2 19. Bxd5 exd5 20. Rab1
Rfc8 21. Nd4 R2c4 22. Rfd1 Kf8 23. f3 Ke7 24. Kf2 Ra4 25. Ra1 Rac4 26. Rd3 Rc1
27. Rxc1 Rxc1 28. Ra3 a6 29. Rb3 Bc6 30. h4 g6 31. g4 Kd6 32. g5 Rh1 33. Kg3
Rg1+ 34. Kh2 Re1 35. Kg2 a5 36. a3 Rb1 37. Kg3 Rg1+ 38. Kf4 Rh1 39. Kg3 a4 40.
Rb4 Bd7 41. Kg2 Re1 42. Kf2 Rh1 43. Rxb7 Rxh4 44. Kg2 h6 45. gxh6 Rxh6 46. Rb6+
Kc7 47. Rf6 Rh7 48. Ra6 Rh8 49. Ra7+ Kd6 50. Rb7 Rc8 51. Kg3 Rc1 52. Rb6+ Ke7
53. Ne2 Rd1 54. Kf2 Rd3 55. Nf4 Rd2+ 56. Ke1 Rh2 57. Nxd5+ Kf8 58. Nc3 g5 59.
Ne4 g4 60. fxg4 Bxg4 61. Nc3 Bd7 62. Rb7 Bc6 63. Rb6 Bd7 64. Rb4 Ke7 65. Kd1
Kd6 66. Kc1 Rh1+ 67. Kc2 Rh2+ 68. Kd3 Bc6 69. Nxa4 Bxa4 70. Rxa4 Rxb2 71. Rb4
Ra2 72. a4 Ke5 73. Rf4 Ra3+ 74. Ke2 Kd5 75. Kf3 Ke6 76. Rb4 Ke5 77. Rb5+ Ke6
78. a5 f5 79. Rc5 Kf6 80. Ke2 Ke6 81. Kd2 Ra4 82. Rb5 f4 1/2-1/2

[Event "Riga zt"]
[Site "Riga"]
[Date "1995.??.??"]
[Round "1"]
[White "Zapolskis, Antanas"]
[Black "Oll, Lembit"]
[Result "0-1"]
[WhiteElo "2360"]
[BlackElo "2610"]
[PlyCount "62"]
[EventDate "1995.03.??"]
[EventType "tourn"]
[EventRounds "13"]
[EventCountry "LAT"]
[EventCategory "10"]
[Source "ChessBase"]
[SourceDate "1995.08.01"]
[WhiteTeamCountry "EST"]
[BlackTeamCountry "RUS"]

1. e4 c5 2. Nf3 d6 3. d4 Nf6 4. Nc3 cxd4 5. Nxd4 Nc6 6. Bc4 Qb6 7. Nb3 e6 8.
O-O Be7 9. Be3 Qc7 10. f4 a6 11. Qf3 b5 12. Bd3 Bb7 13. Qh3 O-O 14. Kh1 Rac8
15. a3 b4 16. Na4 bxa3 17. bxa3 Rb8 18. Nb6 g6 19. Rab1 Rfe8 20. Nd2 Bf8 21.
Nf3 Bg7 22. e5 Nh5 23. Nc4 dxe5 24. fxe5 Ba8 25. Rxb8 Rxb8 26. Ng5 Nxe5 27.
Nxe5 Bxe5 28. Rxf7 Qxf7 29. Nxf7 Rb1+ 30. Bg1 Bd4 31. Nh6+ Kg7 0-1

[Event "Riga zt"]
[Site "Riga"]
[Date "1995.??.??"]
[Round "2"]
[White "Kulaots, Kaido"]
[Black "Oll, Lembit"]
[Result "1/2-1/2"]
[WhiteElo "2410"]
[BlackElo "2610"]
[Annotator "Ribli"]
[PlyCount "60"]
[EventDate "1995.03.??"]
[EventType "tourn"]
[EventRounds "13"]
[EventCountry "LAT"]
[EventCategory "10"]
[Source "ChessBase"]
[SourceDate "1995.08.01"]
[WhiteTeamCountry "EST"]
[BlackTeamCountry "RUS"]

1. e4 c5 2. Nf3 e6 3. d4 cxd4 4. Nxd4 a6 5. Bd3 Nf6 6. O-O Qc7 7. Qe2 d6 8. c4
Nbd7 9. f4 b6 (9... h5 {
Podzielny's Idee. Vielleicht einen Zug spaeter noch besser.} 10. b3 Qb6 11. Be3
Ng4 12. Nc3 g6 13. Rad1 Nxe3 14. Qxe3 Bg7 15. Bb1 Qc5 $13 {
Leko,P-Podzielny,K/Dortmund-D/1991/EXP22/}) (9... Be7 10. b3 h5 $5 11. Bb2 Qb6
12. Kh1 h4 13. Qf3 g5 $5 14. Nxe6 (14. e5 $5 dxe5 15. fxg5 exd4 16. gxf6 Nxf6
17. Nd2 h3 18. Ne4 Rh6 $13 {Kindermann}) 14... g4 15. Ng7+ Kf8 16. Qe2 Kxg7 17.
Nc3 Kf8 18. Nd5 Qd8 19. e5 $44 {Kindermann,S-Podzielny,K/Bundesliga 9495/}) 10.
Nc3 Be7 11. g4 $5 {
Das ist eine Neuerung. Weiss konzentriert voellig auf seine Angriffsplanung.} (
11. Nf3 Bb7 12. e5 dxe5 13. fxe5 Ng4 14. Bf4 f6 (14... h5 $5) 15. Kh1 fxe5 16.
Nd4 $1 $16 {Gipslis,A-Podgaets,M/USSR/1975/INF19,318/}) 11... h6 12. Bc2 (12.
g5 hxg5 13. fxg5 Nh5 14. g6 Ne5 15. gxf7+ Nxf7 $13) 12... g5 (12... Bb7 13. g5
hxg5 14. fxg5 Nh5 15. g6 $16 {Der e6-Bauer ist nicht gedeckt.}) 13. f5 (13.
fxg5 hxg5 14. Bxg5 Rg8 $5 $44 (14... Bb7 $6 15. Ba4 $1 Qc5 16. Bxf6 Bxf6 17.
Rxf6 Qxd4+ 18. Qf2 Qxf2+ 19. Rxf2 $14 {
Schwarz hat nicht genuegend Kompensation fuer den Bauern.})) 13... Ne5 14. fxe6
fxe6 15. Ba4+ $1 Kf8 16. Bb3 (16. h4 gxh4 17. g5 hxg5 18. Bxg5 Rg8 19. Qh5 Nf7
$19) 16... Kg7 17. c5 d5 (17... Qxc5 $2 18. Be3 Qc7 19. Bxe6 $18) (17... dxc5
18. Nxe6+ Bxe6 19. Bxe6 Raf8 $14) 18. cxb6 (18. exd5 $2 Bxc5 19. Be3 Nexg4 $17
{Schwarz steht besser, er droht /\ Ne3,Ng4 oder Ne3,Qh2,Ng4.}) 18... Qxb6 19.
Be3 Qd6 20. exd5 exd5 21. Nf5+ Bxf5 22. Rxf5 d4 (22... Nexg4 $2 23. Bd4 $18)
23. Bxg5 hxg5 24. Rxe5 {
Der Anziehende hat einen Mehrbauern und gute Angriffchance.} Kf8 25. Qc4 (25.
Re6 $5 Qc5 26. Qf2 $1 dxc3 27. Rxf6+ Kg7 (27... Ke8 28. Ba4+ Kd8 29. Rd1+ $18)
28. Rf7+ Kh6 29. Re1 Qxf2+ 30. Kxf2 Bc5+ 31. Kg2 Rae8 32. Rxe8 Rxe8 33. bxc3
Re2+ 34. Kf1 Rxh2 35. Rf6+ Kg7 36. Rxa6 Rh3 $16 {
Schwarz hat einige Remischancen wegen des ungleichfarbiges Laeufer.}) 25... Rh7
26. Rf1 Kg7 27. Rfe1 Kh8 28. Nd5 Nxg4 29. R5e2 Bf6 (29... d3 30. Qd4+ Bf6 31.
Re8+ Rxe8 32. Rxe8+ Kg7 33. Rg8+ $1 Kxg8 (33... Kh6 34. Qxg4 $18) 34. Nxf6+ $18
) 30. Nxf6 (30. Re8+ $5 Kg7 (30... Rxe8 31. Rxe8+ Kg7 32. Rg8+ $1 Kh6 (32...
Kxg8 33. Nxf6+ Kf8 34. Qc8+ Ke7 35. Ng8# {Schoen}) 33. Qe2 Ne3 34. Qf3 $18) 31.
Qc7+ Qxc7 32. Nxc7 Rxe8 (32... Ra7 $5) 33. Nxe8+ Kf8 34. Nxf6 Nxf6 35. Re6 $16)
30... Nxf6 $14 {Ribli} (30... Nxf6 {#} 31. Re8+ $1 Rxe8 32. Rxe8+ Kg7 (32...
Nxe8 $4 33. Qg8#) 33. Qf7+ Kh6 34. Re6 Qxh2+ $1 35. Kxh2 Rxf7 36. Rxa6 Rf8 37.
Rd6 $14) 1/2-1/2